Структура эвтектических сплавов

গ্রন্থ-পঞ্জীর বিবরন
প্রধান লেখক: Таран Ю. Н. Юрий Николаевич
অন্যান্য লেখক: Мазур В. И. Владислав Иустинович
ভাষা:রুশ
প্রকাশিত: Москва, Металлургия, 1978
বিষয়গুলি:
বিন্যাস: গ্রন্থ
KOHA link:https://koha.lib.tpu.ru/cgi-bin/koha/opac-detail.pl?biblionumber=163486

MARC

LEADER 00000nam0a2200000 4500
001 163486
005 20231031160813.0
035 |a (RuTPU)RU\TPU\book\177382 
090 |a 163486 
100 |a 20090818d1978 m y0rusy50 ca 
101 0 |a rus 
102 |a RU 
105 |a a z 001zy 
200 1 |a  Структура эвтектических сплавов  |f  Ю. Н. Таран, В. И. Мазур 
210 |a Москва  |c Металлургия  |d  1978 
215 |a 312 с.  |c ил. 
320 |a Библиогр.: с. 299-309. 
320 |a Предметный указатель: с. 310-311. 
610 1 |a сплавы 
610 1 |a структура 
610 1 |a строение 
610 1 |a кристаллизация 
610 1 |a структурообразование 
675 |a 669.018:53  |v 3 
700 1 |a Таран  |b Ю. Н.  |g Юрий Николаевич 
701 1 |a Мазур  |b В. И.  |g Владислав Иустинович 
801 1 |a RU  |b 63413507  |c 20090818 
801 2 |a RU  |b 63413507  |c 20140312  |g RCR 
942 |c BK